| 000 | 00850nam a2200205Ia 4500 | ||
|---|---|---|---|
| 003 | GCL | ||
| 008 | 140319s9999 xx 000 0 ara d | ||
| 040 |
_aGCL / _cGCL |
||
| 082 | 0 | 4 |
_a819.9 _bع ع |
| 100 | 1 | _aعباس محمود العقاد | |
| 245 | 1 | 0 |
_aعبقرية محمد : _bتقدير لعبقرية النبى العربى محمد(ص) بالمقدار الذى يدين به كل انسان، وبالحق الذى يبث له الحب فى قلب كل انسان / _cعباس محمود العقاد |
| 260 |
_aالقاهرة : _bدار الهلال للطباعة والنشر ، _c1951 |
||
| 300 |
_a224 ص ؛ _c16 سم |
||
| 490 |
_aكتاب الهلال _v0 |
||
| 650 | 0 | 4 | _aالادب العربى |
| 650 | 0 | 4 | _aالاسلام |
| 650 | 0 | 4 | _aعباس محمود العقاد |
| 650 | 0 | 4 | _aالعبقريات |
| 942 |
_2ddc _cBK |
||
| 999 |
_c39504 _d39504 |
||